| 000 | 00888nac a22002897a 4500 | ||
|---|---|---|---|
| 001 | BR9301193 | ||
| 003 | BR-BrBNA | ||
| 005 | 20240105121415.0 | ||
| 008 | 230509b bl.|||m| |||| 00| 0 por d | ||
| 040 |
_aBR-BrBNA _bpor _cBiblioteca Nacional de Agricultura |
||
| 072 | _aF30; F61 | ||
| 090 | _a1160 BR9301193 | ||
| 110 | 1 |
_aCentro Nacional de Pesquisa de Caju, Fortaleza, CE (Brasil) _91758 |
|
| 245 | 1 | _aRelatorio tecnico anual do Centro Nacional de Pesquisa de Caju 1991-1992 | |
| 260 | 3 |
_aFortaleza, CE (Brasil): _c1993. |
|
| 300 | _a129 p. | ||
| 500 | _a51 tables; 22 ref. | ||
| 650 | _aCaju | ||
| 650 | _aMelhoramento Genetico Vegetal | ||
| 650 | _aNutricao Vegetal | ||
| 650 | _aInformatica | ||
| 650 | _aReproducao Vegetal | ||
| 650 | _aPratica Cultural | ||
| 650 | _aDefesa Vegetal | ||
| 909 |
_a202312 _bLúcia Elande _c55 _dLúcia Elande |
||
| 942 |
_2AGRIS _n0 _cMS |
||
| 999 |
_c285116 _d285116 |
||